El origen de la genética : (Record no. 6813)

000 -CABECERA
fixed length control field 01164nam a22002777a 4500
003 - IDENTIFICADOR DEL NÚMERO DE CONTROL
control field AR-CdUCM
008 - DATOS DE LONGITUD FIJA--INFORMACIÓN GENERAL
fixed length control field 190319b ||||| |||| 00| 0 spa d
020 ## - NÚMERO INTERNACIONAL ESTÁNDAR DEL LIBRO
ISBN 84-205-0426-2
040 ## - FUENTE DE LA CATALOGACIÓN
Agencia/entidad que catalogó originalmente la obra MUNICIPALIDAD PROVINCIAL DEL CUSCO
Entidad que transcribió la catalogación BIBLIOTECA MUNICIPAL DEL CUSCO
082 ## - NÚMERO DE LA CLASIFICACIÓN DECIMAL DEWEY
No. de Clasificación 576.52 /
Notacion interna ST83
100 ## - ENTRADA PRINCIPAL--NOMBRE DE PERSONA
Nombre Personal Stern, Curt,
245 ## - MENCIÓN DE TÍTULO
Título El origen de la genética :
Resto del título un libro frontal de Mendel /
260 ## - PUBLICACIÓN, DISTRIBUCIÓN, ETC.
Lugar de publicación, distribución, etc. Madrid, :
Nombre de la editorial, distribuidor, etc. Edit. Alhambra,
Fecha de publicación, distribución, etc. 1973.
300 ## - DESCRIPCIÓN FÍSICA
Nº de Páginas Extensión XVIII 187 paginas ;
Otros detalles físicos Cuadros, diagramas, formulas,
Dimensiones 20 cm
440 ## - MENCIÓN DE SERIE/PUNTO DE ACCESO ADICIONAL--TÍTULO
Título Colección Exedra ciencia técnica - ingeniería
Número de la parte/sección de una obra 85
9 (RLIN) 19194
505 ## - NOTA DE CONTENIDO CON FORMATO
Nota de contenido formateada Experimentos en híbridos de plantas -- Sobre los híbridos de "hieracium" obtenidos por fecundación artificial -- Cartas de Gregor Mendel a Carlos Nageli, 1866-1873 -- Alusiones al trabajo de Mendel -- La ley de segregación de los híbridos...
650 ## - PUNTO DE ACCESO ADICIONAL DE MATERIA--TÉRMINO DE MATERIA
Descriptor Gregor Mendel
9 (RLIN) 19195
650 ## - PUNTO DE ACCESO ADICIONAL DE MATERIA--TÉRMINO DE MATERIA
Descriptor Genética
9 (RLIN) 5063
650 ## - PUNTO DE ACCESO ADICIONAL DE MATERIA--TÉRMINO DE MATERIA
Descriptor Híbridos
9 (RLIN) 19196
700 ## - PUNTO DE ACCESO ADICIONAL--NOMBRE DE PERSONA
Nombre Personal Sherwood, E. R.
9 (RLIN) 19197
700 ## - PUNTO DE ACCESO ADICIONAL--NOMBRE DE PERSONA
Nombre Personal Rodríguez, Paulino, OSA
9 (RLIN) 19198
942 ## - ELEMENTOS DE PUNTO DE ACCESO ADICIONAL (KOHA)
Fuente de clasificación
Tipo de item Libros-BMC
945 ## - PROCESAMIENTO DE INFORMACIÓN LOCAL (OCLC)
Catalogador wnts
Holdings
Estado de retiro (separado) Fuente de clasificación o esquema de estanterías Estado dañado Ubicación Sala donde se ubica Nombre de la colección Fecha de adquisición o compra Costo, precio normal en soles Signatura topográfica Código de Barras Última vez visto (Koha) Tipo de ítem (Koha)
No     Sala Ciencias Sala Ciencias Book Cart 2019-03-19 25.00 576.52 / ST83 SC0000000168 2019-03-19 Libros-BMC

Powered by Koha